|
|
|
|
| LEADER |
00000nam0a2200000 4500 |
| 001 |
39708 |
| 005 |
20231101210556.0 |
| 010 |
|
|
|a 5300028312
|
| 035 |
|
|
|a (RuTPU)RU\TPU\book\40581
|
| 090 |
|
|
|a 39708
|
| 100 |
|
|
|a 20020411d2000 m y0rusy50 ca
|
| 101 |
0 |
|
|a rus
|
| 102 |
|
|
|a RU
|
| 105 |
|
|
|a y z 000ay
|
| 200 |
1 |
|
|a Закон Паркинсона. Закон и пороки. Свояки и чужаки; Плата дьяволу
|e Памфлеты, роман
|e пер. с англ.
|f С. Н. Паркинсон
|
| 210 |
|
|
|a Москва
|c ТЕРРА
|d 2000
|
| 215 |
|
|
|a 544 с.
|
| 225 |
1 |
|
|a Библиотека английской литературы
|
| 600 |
|
1 |
|a Паркинсон
|b С. Н.
|g Сирил Норткот
|
| 606 |
1 |
|
|a Политическая психология
|2 stltpush
|3 (RuTPU)RU\TPU\subj\50467
|9 69141
|
| 610 |
1 |
|
|a психология
|
| 610 |
1 |
|
|a социальная психология
|
| 610 |
1 |
|
|a политика
|
| 610 |
1 |
|
|a бизнес
|
| 610 |
1 |
|
|a бюрократизм
|
| 610 |
1 |
|
|a памфлеты
|
| 610 |
1 |
|
|a романы
|
| 686 |
|
|
|a Ю955
|v LBC/SL-A
|2 rubbk
|
| 700 |
|
1 |
|a Паркинсон
|b С. Н.
|g Сирил Норткот
|
| 801 |
|
1 |
|a RU
|b 63413507
|c 20020411
|g PSBO
|
| 801 |
|
2 |
|a RU
|b 63413507
|c 20120706
|g PSBO
|
| 942 |
|
|
|c BK
|